000 00611nam a2200229Ia 4500
003 OSt
005 20220925222005.0
006 a|||||r|||| 00| 0
007 ta
008 220923b |||||||| |||| 00| 0 eng d
037 _cGeneral Book
040 _aRTL
_cRTL
_beng
041 _2eng
_aeng
082 _aUoaY5, L7
100 _aCoates B E
_9277634
245 0 _aGeography and inequality
260 _aLondon
_bOxford University Press
_c1977
300 _a292p. Bib p. 258-79
_ccm.
650 _aGeography
942 _hUoaY5, L7
_cGB
_2CC
999 _c575820
_d575820